| 000 | 12001 a2200781 4500 | ||
|---|---|---|---|
| 005 | 20080911155350.0 | ||
| 008 | 080911t xxu||||| |||| 00| 0 hin d | ||
| 010 | _aHIN-80632 B-296699-742 | ||
| 020 |
_a8188695033 _c60.00 |
||
| 035 | _aHN-52978 B-296699-742 | ||
| 037 | _bD.B.Act / pub | ||
| 082 | _aउ | ||
| 100 | _aचट्टोपाध्याय, शरतचन्द्र | ||
| 245 |
_aपरिणीता _cशरतचन्द्र चट्टोपाध्याय |
||
| 246 |
_aParineeta _bby Sharat Chandra Chattopadhyay |
||
| 260 |
_aदिल्ली _bशिवालिक बुक्स _c2007 |
||
| 270 |
_a10/119,भीष्म मार्ग, पटेल गली, विश्वास नगर,शाहदरा _bदिल्ली _e110032 |
||
| 300 |
_a72पृ _c22सेमी (सजिल्द) |
||
| 650 | _aहिन्दी उपन्यास | ||
| 650 | _aHindi Novel | ||
| 942 |
_adpl _cHN _kउ / चट्टोपा _2ddc _hउ _mचट्टोपा |
||
| 999 |
_c6512 _d6512 |
||